Fisiología humana (Registro nro. 13190)

Detalles MARC
000 -CABECERA
Longitud fija campo de control 00763nam a22002291 4500
001 - NÚMERO DE CONTROL
Número de control bimo0000873788
003 - IDENTIFICADOR DELl NÚMERO DE CONTROL
Identificador del número de control OSt
005 - FECHA Y HORA DE LA ÚLTIMA TRANSACCIÓN
Fecha y hora de la última transacción 20140825213003.0
008 - CÓDIGOS DE INFORMACIÓN DE LONGITUD FIJA
Códigos de información de longitud fija 900725s2006 arg spa
020 ## - NÚMERO INTERNACIONAL NORMALIZADO PARA LIBROS
Número Internacional Normalizado para Libros (ISBN) 950-02-0376-6
040 ## - FUENTE DE LA CATALOGACIÓN
Centro catalogador de origen SpMaBN
Lengua de catalogación spa
Centro transcriptor BMC
082 ## - NÚMERO DE LA CLASIFICACIÓN DECIMAL DEWEY
Númeroo de clasificación 612
100 1# - PUNTO DE ACCESO PRINCIPAL-NOMBRE DE PERSONA
9 (RLIN) 23792
Nombre de persona Houssay, Bernardo A.
Fechas asociadas al nombre 1887-1971‏
245 10 - MENCIÓN DE TÍTULO
Título Fisiología humana
Mención de responsabilidad, etc. de Houssay ; [directores] Horacio E. Cingolani, Alberto B. Houssay ; [colaboradores, Jorge Mario Affani ... et al.]
250 ## - MENCIÓN DE EDICIÓN
Mención de edición 7ª ed., 5ª reimp
260 ## - PUBLICACIÓN, DISTRIBUCIÓN, ETC. (PIE DE IMPRENTA)
Lugar de publicación, distribución, etc. Buenos Aires
Nombre del editor, distribuidor, etc. El Ateneo
Fecha de publicación, distribución, etc. 2007
300 ## - DESCRIPCIÓN FÍSICA
Extensión XVIII, 1126 p.
Otras características físicas il.
Dimensiones 28 cm
650 #7 - PUNTO DE ACCESO ADICIONAL DE MATERIA - TÉRMINO DE MATERIA
Término de materia o nombre geográfico como elemento inicial Fisiología humana
Fuente del encabezamiento o término embne
700 1# - PUNTO DE ACCESO ADICIONAL - NOMBRE DE PERSONA
Nombre de persona Cingolani, Horacio E.
9 (RLIN) 23791
700 1# - PUNTO DE ACCESO ADICIONAL - NOMBRE DE PERSONA
Nombre de persona Houssay, Alberto B.
9 (RLIN) 24450
942 ## - ENTRADA DE ELEMENTOS AGREGADOS (KOHA)
Fuente de clasificaión o esquema Dewey Decimal Classification
Koha [por defecto] tipo de item 1- Monografias
Parte de clasificación ahoj
Existencias
Suprimido Perdido Fuente de clasificación o esquema Estropeado Restricciones de uso No para préstamo Código de colección Localización permanente Localización actual Localización en estanter&íacute;as Fecha adquisición Fuente de adquisición Número de inventario Préstamos totales Signatura completa Código de barras Fecha última consulta Fecha último préstamo Coste, precio reemplazado Fecha del precio de reemplazo Tipo de item de Koha
NULL NULL Dewey Decimal Classification NULL Prestable NULL NULL Biblioteca Centro Regional de Ilobasco Biblioteca Centro Regional de Ilobasco Sala Principal 21/07/2015 UNICAES LI000714 2 612 HOU fis 1032759 28/08/2025 28/08/2025   21/07/2015 1- Monografias
NULL NULL Dewey Decimal Classification NULL Prestable NULL NULL Biblioteca Centro Regional de Ilobasco Biblioteca Centro Regional de Ilobasco Sala Principal 21/07/2015 UNICAES LI001548 3 612 HOU fis 1037982 14/10/2024 12/10/2024   13/09/2016 1- Monografias
NULL NULL Dewey Decimal Classification NULL Prestable NULL NULL Biblioteca Centro Regional de Ilobasco Biblioteca Centro Regional de Ilobasco Sala Principal 21/07/2015 UNICAES LI001547 4 612 HOU fis 1037983 01/03/2024 29/02/2024   13/09/2016 1- Monografias
NULL NULL Dewey Decimal Classification NULL Prestable NULL NULL Biblioteca Miguel de Cervantes - UNICAES Biblioteca Miguel de Cervantes - UNICAES Sala Principal 22/08/2014 Donación - Facultad de Ciencias y Humanidades 020870 2 612 HOU fis 1021227 29/06/2018 27/06/2018 52.20 22/08/2014 1- Monografias
NULL NULL Dewey Decimal Classification NULL Prestable NULL NULL Biblioteca Miguel de Cervantes - UNICAES Biblioteca Miguel de Cervantes - UNICAES Sala Principal 22/08/2014 Donación - Facultad de Ciencias y Humanidades 020871   612 HOU fis 1021228 22/08/2014   52.20 22/08/2014 1- Monografias